UBT Library

The Color atlas of human anatomy / (Record no. 42115)

000 -LEADER
fixed length control field 00611cam a2200205 a 4500
001 - CONTROL NUMBER
control field 3734510
005 - DATE AND TIME OF LATEST TRANSACTION
control field 20180208044555.0
008 - FIXED-LENGTH DATA ELEMENTS--GENERAL INFORMATION
fixed length control field 820126s1980 nyua 001 0 eng
010 ## - LIBRARY OF CONGRESS CONTROL NUMBER
LC control number 81047550
020 ## - INTERNATIONAL STANDARD BOOK NUMBER
International Standard Book Number 0517545144 (pbk.) :
Terms of availability $6.95
040 ## - CATALOGING SOURCE
Original cataloging agency DLC
Transcribing agency DLC
Modifying agency DLC
041 1# - LANGUAGE CODE
Language code of text/sound track or separate title engita
080 ## - UNIVERSAL DECIMAL CLASSIFICATION NUMBER
Universal Decimal Classification number 611.00222 RIC
082 00 - DEWEY DECIMAL CLASSIFICATION NUMBER
Classification number 611.00222 RIC
Edition number 19
100 ## - Rafti
Rafti 7
101 ## - Shkurtesa
Shkurtesa ANA
245 04 - TITLE STATEMENT
Title The Color atlas of human anatomy /
Statement of responsibility, etc edited by Vanio Vannini and Giuliano Pogliani ; translated and revised by Richard T. Jolly.
906 ## - LOCAL DATA ELEMENT F, LDF (RLIN)
a 7
b cbc
c orignew
d 2
e ocip
f 19
g y-gencatlg
942 ## - ADDED ENTRY ELEMENTS (KOHA)
Source of classification or shelving scheme
Item type Books
Holdings
Withdrawn status Lost status Source of classification or shelving scheme Damaged status Not for loan Collection code Permanent location Current location Shelving location Date acquired Total Checkouts Full call number Barcode Date last seen Price effective from Koha item type
          Koleksioni i përgjithshem UBT - Lipjan UBT - Lipjan Koleksioni i përgjithshem 02/08/2018   611.00222 RIC 002-2999236 02/08/2018 02/08/2018 Books
UBT Library © 2015-2024. All rights reserved University Education for Business and Technology